|
|
|
|
| LEADER |
00000nam0a2200000 4500 |
| 001 |
110576 |
| 005 |
20231031120515.0 |
| 010 |
|
|
|a 521703310X
|
| 035 |
|
|
|a (RuTPU)RU\TPU\book\119419
|
| 090 |
|
|
|a 110576
|
| 100 |
|
|
|a 20070227d2005 km y0rusy50 ca
|
| 101 |
0 |
|
|a rus
|
| 102 |
|
|
|a RU
|
| 105 |
|
|
|a a z 001zy
|
| 200 |
1 |
|
|a Численное моделирование нестационарных явлений в газотурбинных двигателях
|f В. Г. Августинович [и др.]
|g под ред. В. Г. Августиновича, Ю. Н. Шмотина
|
| 210 |
|
|
|a Москва
|c Машиностроение
|d 2005
|
| 215 |
|
|
|a 536 с.
|c ил.
|
| 320 |
|
|
|a Библиогр.: с. 515-532.
|
| 330 |
|
|
|a В книге представлены новые результаты в области численного моделирования нестационарных явлений в турбомашинах, примеры использования математических моделей в системе проектирования турбомашин, а также результаты экспериментальных исследований на полноразмерных газотурбинных двигателях. Книга предназначена для инженеров, аспирантов и студентов, профессионально занимающихся проектированием турбомашин.
|
| 610 |
1 |
|
|a двигатели газотурбинные
|
| 610 |
1 |
|
|a турбомашины
|
| 610 |
1 |
|
|a нестационарные течения
|
| 610 |
1 |
|
|a численное моделирование
|
| 610 |
1 |
|
|a лопатки
|
| 610 |
1 |
|
|a газодинамические взаимодействия
|
| 610 |
1 |
|
|a нестационарный пограничный слой
|
| 610 |
1 |
|
|a математические модели
|
| 610 |
1 |
|
|a компрессоры осевые
|
| 610 |
1 |
|
|a срыв
|
| 610 |
1 |
|
|a помпаж
|
| 610 |
1 |
|
|a камеры сгорания
|
| 610 |
1 |
|
|a нестационарные явления
|
| 610 |
1 |
|
|a шум
|
| 675 |
|
|
|a 621.438.001
|v 3
|
| 701 |
|
1 |
|a Августинович
|b В. Г.
|g Валерий Георгиевич
|
| 701 |
|
1 |
|a Шмотин
|b Ю. Н.
|g Юрий Николаевич
|
| 701 |
|
1 |
|a Сипатов
|b А. М.
|g Алексей Матвеевич
|
| 701 |
|
1 |
|a Румянцев
|b Д. Б.
|g Дмитрий Борисович
|
| 701 |
|
1 |
|a Ташлыков
|b Д. Н.
|g Дмитрий Николаевич
|
| 702 |
|
1 |
|a Августинович
|b В. Г.
|g Валерий Георгиевич
|4 340
|
| 702 |
|
1 |
|a Шмотин
|b Ю. Н.
|g Юрий Николаевич
|4 340
|
| 801 |
|
1 |
|a RU
|b 63413507
|c 20070227
|g PSBO
|
| 801 |
|
2 |
|a RU
|b 63413507
|c 20071106
|g PSBO
|
| 942 |
|
|
|c BK
|
| 959 |
|
|
|a 23/20070226
|d 1
|e 220,00
|f ЧЗТЛ:1
|